000 00270nam a22001217a 4500
082 _a425
_bOXF/O
100 _aOXFORD
245 _aTHE OXFORD GUIDE TO THE ENGLISH LANGUAGE
260 _aLONDON
_bGUILD PUBLISHING
300 _a577
650 _aGUIDE
_zLONDON
942 _cBK
999 _c3865
_d3865